|
|
|
|
| LEADER |
00000nab a2200000 a 4500 |
| 001 |
vtls000417270 |
| 003 |
SK-MaSNL |
| 005 |
20260302234907.0 |
| 008 |
140507c1991 xo 0 slo |
| 015 |
|
|
|a SNBRB19rr/mm-uuuuu
|
| 035 |
|
|
|a CL0417395
|
| 040 |
|
|
|a SNKBUCL
|b slo
|c SNKBUCL
|e AACR2
|
| 041 |
0 |
|
|a slo
|
| 044 |
|
|
|a xo
|c SK
|
| 080 |
|
|
|a 82.033:840-3
|2 1981
|
| 080 |
|
|
|a 840-3
|2 1981
|
| 080 |
|
|
|a 840-3.033
|2 1981
|
| 080 |
|
|
|a 791.43
|2 1981
|
| 100 |
1 |
|
|a Manceau, Jean-Louis
|4 aut
|9 896915
|
| 245 |
1 |
0 |
|a Nebezpečné známosti
|c Jean-Louis Manceau ; Pierre Ambroise Choderlos de Laclos
|
| 600 |
1 |
7 |
|a Laclos, Choderlos de,
|d 1741-1803
|2 snkbucl
|9 167282
|
| 600 |
1 |
7 |
|a Laclos, Choderlos de,
|d 1741-1803
|2 snkbucl
|9 167282
|
| 650 |
0 |
7 |
|a romány psychologické
|2 snkbucl
|9 653970
|
| 655 |
|
7 |
|a články z novín a časopisov
|2 snkbucl
|9 267496
|
| 655 |
|
7 |
|a články z odboru literárna veda a krásna literatúra
|2 snkbucl
|9 770045
|
| 773 |
0 |
|
|t Kultúrny život
|g Roč. 25, č. 14 (1991), s. 12
|
| 850 |
|
|
|a Slovenská národná knižnica v Martine
|a MTA001
|
| 852 |
|
|
|a SNK
|b KIS3GCP
|
| 958 |
|
|
|a RK
|
| 958 |
|
|
|a LX
|
| 992 |
|
|
|a RBX
|
| 999 |
|
|
|c 1552346
|d 1554276
|